Top 10 des communes de France par lettre - M - Statistiques

Statistiques générales
  • Ce quiz a été pris 141 fois
  • Le résultat moyen est 7 sur 10
Statistiques - réponses
Région Population (année hors 2022) Commune % Correct
Provence-Alpes-Côte-d'Azur 877.215 Marseille
99%
Occitanie 307.101 Montpellier
97%
Grand Est 104.924 Mulhouse
87%
Grand Est 121.695 Metz
86%
Mayotte 71.437 (2017) Mamoudzou
72%
Occitanie 62.487 Montauban
64%
Nouvelle-Aquitaine 77.136 Mérignac
57%
Île-de-France 110.758 Montreuil
56%
Île-de-France 56.659 Meaux
41%
Île-de-France 57.422 Maisons-Alfort
10%
Aucun quiz correspondant
Distribution des résultats
% des personnes avec chaque résultat
Percentile par nombre de réponses
Votre historique - résultats
Vous n’avez pas pris ce quiz